000 00499nam a2200181Ia 4500
008 100917s9999 xx 000 0 und d
082 _b50422
100 _aवाघे सुरेश
245 _aजगावेगळा
260 _bप्रिया प्रकाशन
_c1981
300 _a180
365 _b20
520 _aकादंबरी
630 _aजगावेगळा
650 _aकादंबरी
730 _aजगावेगळा
942 _cBOOK
999 _c655816
_d655813